000
00245nam a2200109Ia 4500
005
20251222144713.0
008
251222s9999||||xx |||||||||||||| ||spa||
082
_a
759.46/S14
245
0
_a
Manuel Sáez
264
_b
Grupo Cruzcampo
942
_c
LIB
999
_c
17897
_d
17897